000 00348nam a22001577a 4500
999 _c7818
_d7818
003 OSt
005 20200522124704.0
008 200522b ||||| |||| 00| 0 eng d
020 _a9780753713471
082 _a582.16MAT
100 _aMatthews, Graeme
245 _aTrees of the world
250 _a1st ed.
260 _bBounty Books
942 _2ddc